Territory Flags of the World - Statistics

General Stats
  • This quiz has been taken 5,273 times
  • The average score is 27 of 57
Answer Stats
Picture Answer % Correct
Hong Kong
88%
Greenland
85%
Puerto Rico
84%
Isle of Man
77%
American Samoa
74%
Faroe Islands
74%
Bermuda
72%
Guam
69%
Wake Island
69%
Jersey
68%
Cook Islands
66%
Macau
66%
Niue
65%
Gibraltar
64%
Cocos Islands
63%
Åland
62%
Saint Barthélemy
62%
British Virgin Islands
61%
Johnston Atoll
59%
Norfolk Island
59%
Christmas Island
58%
Aruba
57%
United States Virgin Islands
55%
French Polynesia
54%
Tokelau
54%
Anguilla
53%
Northern Mariana Islands
51%
Bonaire
50%
Curaçao
50%
Guernsey
49%
British Indian Ocean Territory
48%
New Caledonia
45%
Easter Island
43%
Saint Pierre and Miquelon
42%
Sint Maarten
40%
Turks and Caicos Islands
40%
Ceuta
38%
Montserrat
38%
Falkland Islands
35%
Azores
34%
South Georgia and the South Sandwich Islands
34%
Saba
33%
Wallis and Futuna
31%
British Antarctic Territory
30%
Saint Helena
30%
Ascension Island
29%
Tristan da Cunha
29%
Canary Islands
28%
Cayman Islands
28%
Pitcairn Islands
26%
Madeira
23%
Sint Eustatius
23%
French Southern and Antarctic Lands
22%
Ross Dependency
18%
Melilla
14%
Juan Fernández Islands
11%
Chatham Islands
9%
No matching quizzes found
Score Distribution
Percent of People with Each Score
Percentile by Number Answered
Your Score History
You have not taken this quiz